[Event "Titled Tuesday intern op 19th Dec Early"]
[Site "Chess.com INT"]
[Date "2023.12.19"]
[Round "3"]
[White "Travadon, Loic"]
[Black "Kahlert, Thomas"]
[Result "0-1"]
[WhiteElo "2457"]
[BlackElo "2110"]
[PlyCount "44"]
[EventDate "2023.12.19"]
[EventType "swiss (blitz)"]
[EventRounds "11"]
[EventCountry "USA"]
[SourceTitle "CB52_2023"]
[SourceDate "2023.12.27"]
[SourceVersion "1"]
[SourceVersionDate "2023.12.27"]
[SourceQuality "1"]

1. e4 e5 2. Nc3 Nf6 3. f4 d5 4. fxe5 Nxe4 5. Nf3 Bc5 6. d4 Bb4 7. Bd2 c5 8. Bd3 Nxd2 9. Qxd2 cxd4 10. Nxd4 Nc6 11. Bb5 Bd7 12. Bxc6 bxc6 13. 0-0 0-0 14. Kh1 Be7 15. Nf5 Bxf5 16. Rxf5 f6 17. e6 Qd6 18. Qe2 Rae8 19. Re1 Bd8 20. Nd1 Re7 21. Rf3 Rfe8 22. Re3 Bb6 0-1

[Event "Titled Tuesday intern op 26th Sep Early"]
[Site "Chess.com INT"]
[Date "2023.09.26"]
[Round "4"]
[White "Bharath, Subramaniyam H"]
[Black "Travadon, Loic"]
[Result "1-0"]
[WhiteElo "2496"]
[BlackElo "2440"]
[PlyCount "149"]
[EventDate "2023.09.26"]
[EventType "swiss (blitz)"]
[EventRounds "11"]
[EventCountry "USA"]
[SourceTitle "EXT 2024"]
[Source "ChessBase"]
[SourceDate "2023.10.10"]
[SourceVersion "1"]
[SourceVersionDate "2023.10.10"]
[SourceQuality "1"]

1. e4 e5 2. Nf3 Nc6 3. d4 exd4 4. Nxd4 Nf6 5. Nxc6 bxc6 6. Nd2 Bc5 7. Nb3 Bb6 8. e5 Qe7 9. Qe2 Ng8 10. g3 f6 11. Bf4 fxe5 12. Bxe5 Nf6 13. Bxf6 gxf6 14. c4 Qxe2+ 15. Bxe2 a5 16. 0-0-0 d6 17. Bf3 Bd7 18. Nd4 0-0-0 19. Bxc6 Bxc6 20. Nxc6 Rde8 21. Rd2 Re4 22. b3 Kb7 23. f3 Re3 24. Nd4 a4 25. Kb2 Ba5 26. Rc2 Rd3 27. Nb5 c6 28. Na3 Rb8 29. c5 d5 30. Nb1 axb3 31. axb3 Kc7 32. Re2 Rdxb3+ 33. Ka2 Kd7 34. Rd1 Rxf3 35. Rd4 Bc3 36. Nxc3 Rxc3 37. Rh4 Rxc5 38. Rxh7+ Kd6 39. Rhe7 Ra8+ 40. Kb3 Rb5+ 41. Kc3 Ra3+ 42. Kd2 Ra2+ 43. Ke1 Rb1+ 44. Kf2 Rxe2+ 45. Rxe2 c5 46. h4 c4 47. Re8 Rh1 48. Kg2 Rd1 49. h5 c3 50. Rc8 Rd2+ 51. Kh3 d4 52. h6 Rd1 53. Kg2 Rd2+ 54. Kh3 c2 55. h7 d3 56. h8Q Rf2 57. Qd8+ Ke5 58. Rc5+ Ke4 59. Qe7+ Kd4 60. Qd6+ Ke3 61. Rc3 Rd2 62. Qf4+ Ke2 63. Qe4+ Kd1 64. Qf3+ Ke1 65. Qxf6 Re2 66. Qf4 Kd1 67. Rxd3+ Ke1 68. Rc3 Rd2 69. g4 Kd1 70. Qxd2+ Kxd2 71. Rxc2+ Kxc2 72. g5 Kd3 73. g6 Kc3 74. g7 Kb4 75. g8Q 1-0

[Event "Titled Tuesday intern op 26th Sep Early"]
[Site "Chess.com INT"]
[Date "2023.09.26"]
[Round "2"]
[White "Boros, Denes"]
[Black "Travadon, Loic"]
[Result "1-0"]
[WhiteElo "2399"]
[BlackElo "2440"]
[PlyCount "93"]
[EventDate "2023.09.26"]
[EventType "swiss (blitz)"]
[EventRounds "11"]
[EventCountry "USA"]
[SourceTitle "EXT 2024"]
[Source "ChessBase"]
[SourceDate "2023.10.10"]
[SourceVersion "1"]
[SourceVersionDate "2023.10.10"]
[SourceQuality "1"]

1. d4 d5 2. Nc3 Nf6 3. Nf3 c5 4. Bg5 e6 5. e4 cxd4 6. Qxd4 Nc6 7. Bb5 Be7 8. exd5 exd5 9. Ne5 Bd7 10. Bxc6 bxc6 11. 0-0 0-0 12. Rfe1 Re8 13. Re2 Rb8 14. Rae1 Bf8 15. Nxd7 Qxd7 16. Bxf6 gxf6 17. b3 Rxe2 18. Rxe2 Re8 19. Kf1 f5 20. Rxe8 Qxe8 21. Qxa7 Bg7 22. Qc5 Qe5 23. Nd1 Qxh2 24. Qxc6 Qh1+ 25. Ke2 Qxg2 26. Qc8+ Bf8 27. Qxf5 d4 28. Qf3 Qg6 29. Qg3 Qxg3 30. fxg3 Bd6 31. g4 Kg7 32. Kd3 Be5 33. a4 Kg6 34. Ke4 f6 35. a5 Kg5 36. Nf2 Bg3 37. a6 Bb8 38. Kd5 Ba7 39. Kc6 d3 40. Nxd3 Kxg4 41. Kb7 Bd4 42. a7 Bxa7 43. Kxa7 f5 44. b4 f4 45. b5 f3 46. b6 f2 47. Nxf2+ 1-0

[Event "Titled Tuesday intern op 19th Sep Early"]
[Site "Chess.com INT"]
[Date "2023.09.19"]
[Round "5"]
[White "Kabanov, Nikolai"]
[Black "Travadon, Loic"]
[Result "1-0"]
[WhiteElo "2434"]
[BlackElo "2440"]
[PlyCount "39"]
[EventDate "2023.09.19"]
[EventType "swiss (blitz)"]
[EventRounds "11"]
[EventCountry "USA"]
[SourceTitle "EXT 2024"]
[Source "ChessBase"]
[SourceDate "2023.10.10"]
[SourceVersion "1"]
[SourceVersionDate "2023.10.10"]
[SourceQuality "1"]

1. e4 e5 2. Nf3 Nc6 3. Bb5 a6 4. Ba4 Nf6 5. Bxc6 dxc6 6. d3 Bg4 7. Nbd2 Bd6 8. h3 Be6 9. b3 Qe7 10. Bb2 Bd7 11. Nc4 Bb4+ 12. Kf1 Nh5 13. Ncxe5 Nf4 14. Nxd7 Qxd7 15. g3 Ne6 16. Kg2 0-0-0 17. c3 Be7 18. d4 g5 19. Ne5 Qd6 20. Nxf7 1-0

[Event "Titled Tuesday intern op 19th Sep Early"]
[Site "Chess.com INT"]
[Date "2023.09.19"]
[Round "4"]
[White "Travadon, Loic"]
[Black "Ljubarov, Mark"]
[Result "1-0"]
[WhiteElo "2440"]
[BlackElo "2305"]
[PlyCount "103"]
[EventDate "2023.09.19"]
[EventType "swiss (blitz)"]
[EventRounds "11"]
[EventCountry "USA"]
[SourceTitle "EXT 2024"]
[Source "ChessBase"]
[SourceDate "2023.10.10"]
[SourceVersion "1"]
[SourceVersionDate "2023.10.10"]
[SourceQuality "1"]

1. d4 Nf6 2. c4 e6 3. g4 Nxg4 4. e4 Nf6 5. Bg2 d6 6. Ne2 c5 7. d5 e5 8. Nbc3 Be7 9. Rg1 h5 10. h3 g6 11. f4 Nfd7 12. Kf1 exf4 13. Bxf4 f6 14. Qe1 g5 15. Bh2 Ne5 16. Qg3 h4 17. Qe3 Nxc4 18. Qf2 b5 19. Nxb5 Ba6 20. a4 Nxb2 21. Qf5 Nxa4 22. Qg6+ Kd7 23. Nxd6 Bxd6 24. Bxd6 Kxd6 25. Rxa4 Bxe2+ 26. Kxe2 Nd7 27. Ra6+ Kc7 28. Rga1 Qe7 29. Rxa7+ Rxa7 30. Rxa7+ Kb8 31. Ra6 Ne5 32. Qf5 Rd8 33. Rxf6 Qe8 34. Rb6+ Ka7 35. Qf6 Qa4 36. Qxd8 Qc2+ 37. Ke3 Qd3+ 38. Kf2 Qg3+ 39. Kf1 Qd3+ 40. Kg1 Nf3+ 41. Bxf3 Qe3+ 42. Kg2 Qd2+ 43. Kf1 Qd3+ 44. Be2 Qxh3+ 45. Ke1 Qc3+ 46. Kd1 Qa1+ 47. Kc2 Qa2+ 48. Rb2 Qa4+ 49. Kb1 Qxe4+ 50. Ka1 Qa4+ 51. Ra2 Qxa2+ 52. Kxa2 1-0

[Event "Titled Tuesday intern op 12th Sep Early"]
[Site "Chess.com INT"]
[Date "2023.09.12"]
[Round "1"]
[White "Bressy, Theo"]
[Black "Travadon, Loic"]
[Result "1/2-1/2"]
[WhiteElo "2183"]
[BlackElo "2440"]
[PlyCount "51"]
[EventDate "2023.09.12"]
[EventType "swiss (blitz)"]
[EventRounds "11"]
[EventCountry "USA"]
[SourceTitle "EXT 2024"]
[Source "ChessBase"]
[SourceDate "2023.10.10"]
[SourceVersion "1"]
[SourceVersionDate "2023.10.10"]
[SourceQuality "1"]

1. e4 e5 2. Nf3 Nc6 3. d4 exd4 4. Bc4 Nf6 5. 0-0 Nxe4 6. Re1 d5 7. Bxd5 Qxd5 8. Nc3 Qa5 9. Nxe4 Be6 10. Neg5 0-0-0 11. Nxe6 fxe6 12. Rxe6 Be7 13. Ne5 Nxe5 14. Rxe7 Rhe8 15. Rxe8 Rxe8 16. Bd2 Qb6 17. Qh5 Qg6 18. Qh3+ Kb8 19. Re1 Qxc2 20. Bb4 a5 21. Bxa5 d3 22. Qh5 Rf8 23. h3 Qxf2+ 24. Kh1 Nc6 25. Bc3 d2 26. Rd1 1/2-1/2

[Event "Titled Tuesday intern op 12th Sep Early"]
[Site "Chess.com INT"]
[Date "2023.09.12"]
[Round "6"]
[White "Travadon, Loic"]
[Black "Sreyas, Payyappat"]
[Result "0-1"]
[WhiteElo "2440"]
[BlackElo "2075"]
[PlyCount "178"]
[EventDate "2023.09.12"]
[EventType "swiss (blitz)"]
[EventRounds "11"]
[EventCountry "USA"]
[SourceTitle "EXT 2024"]
[Source "ChessBase"]
[SourceDate "2023.10.10"]
[SourceVersion "1"]
[SourceVersionDate "2023.10.10"]
[SourceQuality "1"]

1. d4 Nf6 2. Nc3 c5 3. Nf3 e6 4. e4 d5 5. exd5 exd5 6. Bb5+ Nc6 7. 0-0 Be6 8. Bg5 Be7 9. dxc5 0-0 10. Bxc6 bxc6 11. b4 a5 12. a3 Rb8 13. Rb1 axb4 14. axb4 h6 15. Bh4 Ne4 16. Nxe4 dxe4 17. Qxd8 Bxd8 18. Bxd8 Rbxd8 19. Ne5 Bd5 20. c4 Be6 21. Nxc6 Rd3 22. Rfc1 f5 23. b5 f4 24. b6 Bc8 25. b7 Bxb7 26. Rxb7 e3 27. f3 Ra8 28. Ne7+ Kh7 29. Nd5 e2 30. Kf2 Rd1 31. Kxe2 Rxc1 32. Nxf4 Rxc4 33. Ne6 Re8 34. Kd3 Rc1 35. Nxg7 Ree1 36. Nf5+ Kg6 37. Ne7+ Kf6 38. Nd5+ Ke6 39. Nf4+ Ke5 40. Ng6+ Kf6 41. Nf4 Rxc5 42. Rb6+ Kf5 43. g3 Rd1+ 44. Ke2 Rdc1 45. Rd6 R5c2+ 46. Rd2 Rxd2+ 47. Kxd2 Rh1 48. Ke3 Rxh2 49. g4+ Kg5 50. Ne6+ Kf6 51. Nf4 Ke5 52. Nh5 Rh1 53. Kf2 Ra1 54. Kg3 Ke6 55. f4 Ra4 56. f5+ Ke5 57. Kh4 Rb4 58. f6 Ke6 59. Kg3 Kf7 60. Kf3 Kg6 61. Kg3 Rb5 62. Kh4 Rb4 63. Kg3 Rb5 64. Kh4 Rb3 65. Nf4+ Kxf6 66. Nh5+ Kg6 67. Nf4+ Kf6 68. Nh5+ Kf7 69. Nf4 Rf3 70. Nh5 Kg6 71. Ng3 Ra3 72. Nh5 Ra4 73. Ng3 Ra1 74. Nh5 Rh1+ 75. Kg3 Kg5 76. Nf4 Rg1+ 77. Ng2 Ra1 78. Ne3 Ra3 79. Kf3 Rb3 80. Ke4 Rb4+ 81. Kf3 Rf4+ 82. Kg3 Ra4 83. Kf3 Ra3 84. Ke4 Kf6 85. Kf4 Ra4+ 86. Kg3 Ke5 87. Kf3 Ra3 88. Ke2 Kf4 89. Nc4 Ra6 0-1

[Event "Quenza op 12th"]
[Site "Quenza"]
[Date "2023.07.23"]
[Round "8"]
[White "Van Wely, Loek"]
[Black "Travadon, Loic"]
[Result "1-0"]
[WhiteElo "2644"]
[BlackElo "2463"]
[PlyCount "59"]
[EventDate "2023.07.23"]
[EventType "swiss"]
[EventRounds "9"]
[EventCountry "FRA"]
[SourceTitle "CBM 215 Extra"]
[Source "ChessBase"]
[SourceDate "2023.09.30"]
[SourceVersion "1"]
[SourceVersionDate "2023.09.30"]
[SourceQuality "1"]

1. d4 Nf6 2. c4 c5 3. d5 g6 4. Nc3 Bg7 5. e4 0-0 6. Nf3 d6 7. h3 e6 8. Bd3 exd5 9. cxd5 Nbd7 10. 0-0 Qe7 11. Re1 a6 12. a4 Rb8 13. Rb1 Ne8 14. Bg5 Bf6 15. Bxf6 Qxf6 16. Qd2 Nc7 17. b4 Re8 18. Bf1 b5 19. bxc5 Nxc5 20. e5 dxe5 21. d6 Na8 22. axb5 Bf5 23. Rbd1 axb5 24. Bxb5 Bd7 25. Nd5 Qxd6 26. Qh6 f6 27. Bc4 Kh8 28. Nf4 exf4 29. Rxe8+ Rxe8 30. Rxd6 1-0

[Event "Titled Tuesday intern op 18th Jul Early"]
[Site "Chess.com INT"]
[Date "2023.07.18"]
[Round "2"]
[White "Vyatkin, Dmitry"]
[Black "Travadon, Loic"]
[Result "1-0"]
[WhiteElo "2362"]
[BlackElo "2463"]
[PlyCount "47"]
[EventDate "2023.07.18"]
[EventType "swiss (blitz)"]
[EventRounds "11"]
[EventCountry "USA"]
[SourceTitle "EXT 2024"]
[Source "ChessBase"]
[SourceDate "2023.10.10"]
[SourceVersion "1"]
[SourceVersionDate "2023.10.10"]
[SourceQuality "1"]

1. d4 d5 2. c4 e6 3. Nf3 Nf6 4. g3 Bb4+ 5. Bd2 Be7 6. Bg2 0-0 7. 0-0 dxc4 8. Qa4 a6 9. Qxc4 b5 10. Qc2 Bb7 11. Ba5 Nc6 12. Bd2 Nb8 13. Rc1 Bd6 14. b4 Nbd7 15. a3 Ra7 16. Nc3 Qa8 17. Ne1 Bxg2 18. Nxg2 Rc8 19. e4 a5 20. Nxb5 axb4 21. Nxa7 b3 22. Qxb3 Qxa7 23. e5 Qxd4 24. Bc3 1-0

[Event "Francophonie-ch 9th"]
[Site "Yamoussoukro"]
[Date "2023.07.11"]
[Round "8"]
[White "Travadon, Loic"]
[Black "Rodrigue Lemieux, Shawn"]
[Result "1/2-1/2"]
[WhiteElo "2463"]
[BlackElo "2495"]
[PlyCount "25"]
[EventDate "2023.07.02"]
[EventType "swiss"]
[EventRounds "9"]
[EventCountry "IVO"]
[SourceTitle "CBM 215 Extra"]
[Source "ChessBase"]
[SourceDate "2023.09.30"]
[SourceVersion "1"]
[SourceVersionDate "2023.09.30"]
[SourceQuality "1"]

1. e4 e5 2. Nf3 Nc6 3. Bb5 a6 4. Bxc6 dxc6 5. 0-0 Bg4 6. h3 h5 7. c3 Qd3 8. hxg4 hxg4 9. Nxe5 Bd6 10. Nxd3 Bh2+ 11. Kh1 Be5+ 12. Kg1 Bh2+ 13. Kh1 1/2-1/2

[Event "Francophonie-ch 9th"]
[Site "Yamoussoukro"]
[Date "2023.07.03"]
[Round "2"]
[White "Nean, Franck Anderson"]
[Black "Travadon, Loic"]
[Result "0-1"]
[WhiteElo "1890"]
[BlackElo "2463"]
[PlyCount "74"]
[EventDate "2023.07.02"]
[EventType "swiss"]
[EventRounds "9"]
[EventCountry "IVO"]
[SourceTitle "CBM 215 Extra"]
[Source "ChessBase"]
[SourceDate "2023.09.30"]
[SourceVersion "1"]
[SourceVersionDate "2023.09.30"]
[SourceQuality "1"]

1. d4 Nf6 2. c4 c5 3. d5 b5 4. cxb5 a6 5. bxa6 g6 6. a7 Rxa7 7. Nc3 Ba6 8. Nf3 Bg7 9. g3 0-0 10. e4 Bxf1 11. Kxf1 d6 12. Kg2 Nbd7 13. h3 Qa8 14. Re1 Rb8 15. Rb1 Ne8 16. Bd2 Nc7 17. Qc2 Nb5 18. Nxb5 Rxb5 19. a3 Rab7 20. Bc3 Bxc3 21. Qxc3 Rb3 22. Qc1 Qb8 23. Qh6 Rxb2 24. Rxb2 Rxb2 25. h4 Nf6 26. Qf4 Qb3 27. Re3 Qa2 28. Ng5 Rb1 29. h5 h6 30. Nxf7 Kxf7 31. hxg6+ Kg7 32. Qf5 Qc4 33. Kf3 Qf1 34. e5 Qh1+ 35. Kf4 Nxd5+ 36. Kg4 Nxe3+ 37. fxe3 Rf1 0-1

[Event "Titled Tuesday intern op 23rd May Early"]
[Site "Chess.com INT"]
[Date "2023.05.23"]
[Round "7"]
[White "Hon, Eric"]
[Black "Travadon, Loic"]
[Result "0-1"]
[WhiteElo "1897"]
[BlackElo "2458"]
[PlyCount "142"]
[EventDate "2023.05.23"]
[EventType "swiss (blitz)"]
[EventRounds "11"]
[EventCountry "USA"]
[SourceTitle "CBM 214 Extra"]
[Source "ChessBase"]
[SourceDate "2023.07.31"]
[SourceVersion "1"]
[SourceVersionDate "2023.07.31"]
[SourceQuality "1"]

1. e4 e5 2. Nf3 Nc6 3. Bc4 Bc5 4. c3 Nf6 5. d3 d6 6. Bb3 a6 7. h3 h6 8. Nbd2 Bb6 9. Nf1 Be6 10. Qe2 Ne7 11. Be3 g5 12. Bxb6 cxb6 13. g4 Ng6 14. Ng3 Nf4 15. Qd2 d5 16. Nxe5 dxe4 17. Bxe6 fxe6 18. dxe4 Qc7 19. Nf3 Rd8 20. Qc2 Nd3+ 21. Kf1 Qf4 22. Kg2 Nxe4 23. Qa4+ b5 24. Qxe4 e5 25. Qxf4 exf4 26. Nf5 Nxb2 27. Rhe1+ Kd7 28. Re7+ Kc8 29. a4 Nxa4 30. N3d4 Nxc3 31. Ne6 Rd7 32. Rxd7 Kxd7 33. Nc5+ Kc6 34. Rc1 Kxc5 35. Rxc3+ Kb4 36. Rc7 a5 37. Rxb7 Rd8 38. Kf3 a4 39. Ke4 a3 40. Nd4 Rxd4+ 41. Kxd4 a2 42. Ra7 Kb3 43. Kd3 b4 44. f3 Kb2 45. Kc4 b3 46. Kb4 Kc2 47. Ra3 a1Q 48. Rxa1 b2 49. Rf1 b1Q+ 50. Rxb1 Kxb1 51. Kc4 Kc2 52. Kd4 Kd2 53. Ke4 Ke2 54. Kf5 Kxf3 55. Kg6 Kg3 56. Kxh6 f3 57. h4 f2 58. hxg5 f1Q 59. g6 Qf8+ 60. Kh7 Kf4 61. g7 Qe7 62. Kh8 Qh4+ 63. Kg8 Ke5 64. Kf8 Qd8+ 65. Kf7 Qd7+ 66. Kf8 Qd6+ 67. Kg8 Kf6 68. Kh8 Qh2+ 69. Kg8 Qh6 70. g5+ Qxg5 71. Kf8 Qxg7+ 0-1

[Event "Titled Tuesday intern op 25th Apr Early"]
[Site "Chess.com INT"]
[Date "2023.04.25"]
[Round "3"]
[White "Travadon, Loic"]
[Black "Santos, Jose Guilherme B Li"]
[Result "1/2-1/2"]
[WhiteElo "2461"]
[BlackElo "2377"]
[PlyCount "67"]
[EventDate "2023.04.25"]
[EventType "swiss (blitz)"]
[EventRounds "11"]
[EventCountry "USA"]
[SourceTitle "EXT 2024"]
[Source "ChessBase"]
[SourceDate "2023.10.10"]
[SourceVersion "1"]
[SourceVersionDate "2023.10.10"]
[SourceQuality "1"]

1. d4 Nf6 2. c4 g6 3. g4 Nxg4 4. e4 d6 5. Be2 Nf6 6. Nc3 Bg7 7. Bg5 0-0 8. Qd2 c5 9. Nf3 cxd4 10. Nxd4 Nc6 11. Nf3 Bg4 12. 0-0-0 Rc8 13. Bh6 a6 14. Bxg7 Kxg7 15. h4 Bxf3 16. Bxf3 Ne5 17. Be2 b5 18. h5 Nxc4 19. Bxc4 Rxc4 20. hxg6 fxg6 21. Qh6+ Kg8 22. e5 Nh5 23. Rxh5 gxh5 24. Rg1+ Rg4 25. Rxg4+ hxg4 26. Ne4 Qc8+ 27. Kd1 dxe5 28. Qg5+ Kh8 29. Qxe5+ Kg8 30. Qg5+ Kf7 31. Qh5+ Kg8 32. Qg5+ Kh8 33. Qe5+ Kg8 34. Qg5+ 1/2-1/2

[Event "Paris Blitz op"]
[Site "Paris"]
[Date "2023.03.05"]
[Round "3"]
[White "Bellahcene, Bilel"]
[Black "Travadon, Loic"]
[Result "1-0"]
[WhiteElo "2481"]
[BlackElo "2459"]
[PlyCount "33"]
[EventDate "2023.03.05"]
[EventType "swiss (blitz)"]
[EventRounds "11"]
[EventCountry "FRA"]
[SourceTitle "CBM 213 Extra"]
[Source "ChessBase"]
[SourceDate "2023.05.31"]
[SourceVersion "1"]
[SourceVersionDate "2023.05.31"]
[SourceQuality "1"]

1. e4 c5 2. Nf3 Nc6 3. b4 cxb4 4. d4 d5 5. exd5 Qxd5 6. c4 bxc3 7. Nxc3 Qa5 8. d5 Nb8 9. Bd2 Qd8 10. Qa4+ Bd7 11. Qb3 Qb6 12. Qc4 Na6 13. Rb1 Rc8 14. Rxb6 Rxc4 15. Rxb7 Rc7 16. Bxa6 Rxb7 17. Bxb7 1-0

[Event "Titled Tuesday intern op 31st Jan Late"]
[Site "Chess.com INT"]
[Date "2023.01.31"]
[Round "5"]
[White "Itkis, Boris"]
[Black "Travadon, Loic"]
[Result "0-1"]
[WhiteElo "2329"]
[BlackElo "2471"]
[PlyCount "100"]
[EventDate "2023.01.31"]
[EventType "swiss (blitz)"]
[EventRounds "11"]
[EventCountry "USA"]
[SourceTitle "CBM 212 Extra"]
[Source "ChessBase"]
[SourceDate "2023.03.31"]
[SourceVersion "1"]
[SourceVersionDate "2023.03.31"]
[SourceQuality "1"]

1. c4 e5 2. Nf3 Nc6 3. Nc3 Bc5 4. e3 d6 5. d4 Bb4 6. Bd3 f5 7. Bc2 Nf6 8. 0-0 0-0 9. Nd5 Ba5 10. Rb1 e4 11. Ne1 Bxe1 12. Nxf6+ Qxf6 13. Qxe1 Qg6 14. b4 Ne7 15. d5 Qh6 16. Bb2 Ng6 17. f3 exf3 18. Rxf3 Ne5 19. Rh3 Qg5 20. Rg3 Qh6 21. Rh3 Qg6 22. Rg3 Qf7 23. Qe2 Bd7 24. Rf1 Rae8 25. Bd4 b6 26. Rf4 g6 27. Qf1 Qe7 28. Bxf5 Bxf5 29. Rxf5 Rxf5 30. Qxf5 Rf8 31. Qc2 Qf7 32. Qe2 Qf5 33. h3 Qe4 34. Bxe5 dxe5 35. Rf3 Rxf3 36. gxf3 Qb1+ 37. Kg2 Qxb4 38. Qc2 Kg7 39. Kg3 Kf6 40. h4 h5 41. Qd3 a5 42. Qe4 Qe1+ 43. Kg2 Qe2+ 44. Kg3 Qxa2 45. f4 Qb2 46. fxe5+ Qxe5+ 47. Qxe5+ Kxe5 48. Kf3 a4 49. Ke2 a3 50. Kd2 a2 0-1

[Event "Titled Tuesday intern op 31st Jan Late"]
[Site "Chess.com INT"]
[Date "2023.01.31"]
[Round "4"]
[White "Szente Varga, Fruzsina"]
[Black "Travadon, Loic"]
[Result "1-0"]
[WhiteElo "2071"]
[BlackElo "2471"]
[PlyCount "57"]
[EventDate "2023.01.31"]
[EventType "swiss (blitz)"]
[EventRounds "11"]
[EventCountry "USA"]
[SourceTitle "CBM 212 Extra"]
[Source "ChessBase"]
[SourceDate "2023.03.31"]
[SourceVersion "1"]
[SourceVersionDate "2023.03.31"]
[SourceQuality "1"]

1. e4 e5 2. Nf3 Nc6 3. Bb5 a6 4. Ba4 Nf6 5. Qe2 Qe7 6. c3 g6 7. 0-0 Bg7 8. Rd1 0-0 9. Bc2 d6 10. h3 Nh5 11. d4 f5 12. exf5 gxf5 13. dxe5 dxe5 14. Bb3+ Kh8 15. Ng5 Nf6 16. Nd2 h6 17. Ngf3 e4 18. Nh4 Kh7 19. Nf1 Ne5 20. Ng3 Ng8 21. Qh5 Qf6 22. Bf4 Ne7 23. Ne2 N5g6 24. Nxg6 Qxg6 25. Qxg6+ Kxg6 26. Bxc7 b5 27. Nf4+ Kh7 28. Bd6 Re8 29. Bf7 1-0

[Event "Titled Tuesday intern op 31st Jan Late"]
[Site "Chess.com INT"]
[Date "2023.01.31"]
[Round "1"]
[White "Yoo, Christopher Woojin"]
[Black "Travadon, Loic"]
[Result "1-0"]
[WhiteElo "2584"]
[BlackElo "2471"]
[PlyCount "101"]
[EventDate "2023.01.31"]
[EventType "swiss (blitz)"]
[EventRounds "11"]
[EventCountry "USA"]
[SourceTitle "CBM 212 Extra"]
[Source "ChessBase"]
[SourceDate "2023.03.31"]
[SourceVersion "1"]
[SourceVersionDate "2023.03.31"]
[SourceQuality "1"]

1. d4 Nf6 2. Nf3 d5 3. Bf4 e6 4. e3 Bd6 5. Ne5 0-0 6. Bd3 c5 7. c3 Nc6 8. Nd2 Qc7 9. Ndf3 Ne7 10. 0-0 Ng6 11. Bg3 b6 12. Qe2 Bb7 13. Rfd1 Rad8 14. Nxg6 hxg6 15. Bxd6 Rxd6 16. Ne5 Ne4 17. f3 Nf6 18. Qf2 Qe7 19. h4 Nd7 20. f4 Rc8 21. Qg3 cxd4 22. exd4 b5 23. Qh3 Nf6 24. a4 b4 25. cxb4 Rb6 26. b5 Qb4 27. Qe3 a5 28. Rdc1 Qxb2 29. Rxc8+ Bxc8 30. Rc1 Bd7 31. Rc7 Rd6 32. Kh2 Qb4 33. Qc1 Qxa4 34. Rc8+ Kh7 35. Qc7 Qxd4 36. Qxd6 Bxc8 37. Be2 Qxf4+ 38. Kg1 Ng4 39. Bxg4 Qc1+ 40. Kh2 Qf4+ 41. Kh3 f6 42. Nf7 Qe3+ 43. Kh2 e5 44. Bxc8 Qf4+ 45. Kh3 Qe3+ 46. g3 Qf3 47. Ng5+ fxg5 48. Qxe5 Qf1+ 49. Kg4 Qd1+ 50. Kxg5 Qh5+ 51. Kf4 1-0

[Event "Titled Tuesday intern op 29th Nov Late"]
[Site "Chess.com INT"]
[Date "2022.11.29"]
[Round "1"]
[White "Travadon, Loic"]
[Black "Abasov, Nijat Azad"]
[Result "0-1"]
[WhiteElo "2462"]
[BlackElo "2646"]
[PlyCount "76"]
[EventDate "2022.11.29"]
[EventType "swiss (blitz)"]
[EventRounds "11"]
[EventCountry "USA"]
[SourceTitle "EXT 2024"]
[Source "ChessBase"]
[SourceDate "2023.10.10"]
[SourceVersion "1"]
[SourceVersionDate "2023.10.10"]
[SourceQuality "1"]

1. e4 c5 2. Nc3 e6 3. Nge2 Nc6 4. d4 cxd4 5. Nxd4 Nf6 6. a3 Be7 7. Nxc6 bxc6 8. e5 Nd5 9. Ne4 Qa5+ 10. Bd2 Qc7 11. f4 Qb6 12. Bd3 f5 13. exf6 Nxf6 14. Qe2 Qxb2 15. 0-0 0-0 16. Kh1 Nxe4 17. Qxe4 g6 18. Rab1 Qxa3 19. h4 d5 20. Qf3 e5 21. Rb3 e4 22. Qg3 Qd6 23. Be2 Qf6 24. Be1 Bd6 25. Qh2 d4 26. h5 Be6 27. hxg6 hxg6 28. Rg3 Kg7 29. Kg1 Rh8 30. Rh3 Bxh3 31. gxh3 Raf8 32. Bg4 Bxf4 33. Qg2 Be3+ 34. Kh2 Qxf1 35. Qxe4 Qf4+ 36. Kg2 Qxe4+ 37. Bf3 Qxf3+ 38. Kh2 Qxh3# 0-1

[Event "Cap d'Agde Express Poule-B"]
[Site "Cap d'Agde"]
[Date "2022.11.05"]
[Round "4"]
[White "Stefanova, Antoaneta"]
[Black "Travadon, Loic"]
[Result "1/2-1/2"]
[WhiteElo "2442"]
[BlackElo "2462"]
[PlyCount "113"]
[EventDate "2022.11.05"]
[EventType "tourn (blitz)"]
[EventRounds "7"]
[EventCountry "FRA"]
[EventCategory "11"]
[SourceTitle "EXT 2024"]
[Source "ChessBase"]
[SourceDate "2023.10.10"]
[SourceVersion "1"]
[SourceVersionDate "2023.10.10"]
[SourceQuality "1"]

1. d4 Nf6 2. Nf3 b6 3. c4 Bb7 4. g3 g6 5. Bg2 Bg7 6. Nc3 Ne4 7. Nxe4 Bxe4 8. 0-0 0-0 9. b3 a5 10. Bb2 e6 11. Qd2 d5 12. Rac1 Re8 13. Nh4 Bxg2 14. Nxg2 Nd7 15. cxd5 exd5 16. Rc6 Nb8 17. Rc2 Qd6 18. Rfc1 c6 19. e3 h5 20. a4 Ra7 21. Ra1 Na6 22. Ba3 Qd7 23. Rac1 Rc8 24. Nf4 h4 25. Qe2 Nb8 26. Qf3 Rac7 27. gxh4 Kh7 28. Nd3 Qe6 29. Nf4 Qd7 30. Qg3 Bf6 31. h5 g5 32. Nd3 Be7 33. Ne5 Qe6 34. Bxe7 Rxe7 35. Kf1 f6 36. Nd3 Qe4 37. Ne1 Kh6 38. Qf3 Qe6 39. Nd3 Rg8 40. Ke2 Rf8 41. Rg1 Qe4 42. Qxe4 dxe4 43. Nb2 f5 44. Nc4 f4 45. Nxb6 fxe3 46. fxe3 Rb7 47. Nc4 Rxb3 48. Nxa5 Ra3 49. Nxc6 Nd7 50. Rg3 Rxa4 51. Ne7 Ra1 52. Rc6+ Kxh5 53. Rh3+ Kg4 54. Rg3+ Kh5 55. Rh3+ Kg4 56. Rg3+ Kh5 57. Rh3+ 1/2-1/2